000 00750nam a22002057a 4500
999 _c20194
_d20194
003 AR-CdUCM
008 190527b ||||| |||| 00| 0 spa d
020 _a9567170258
040 _aMUNICIPALIDAD PROVINCIAL DEL CUSCO
_cBIBLIOTECA MUNICIPAL DEL CUSCO
082 _a869.569 /
_bF43
100 _aFerrero, Mario
_942211
245 _aCesar Vallejo:
_bEl hombre total /
260 _aChile :
_bFértil provincia,
_c1992.
300 _a172 páginas ;
_c24 cm.
505 _aContenido : Imagen humana y emocional del poeta. vida y obra -- Influencia del ambiente en su formación cultural -- Significación y contenido de su indigenismo...
650 _aBiografía
_922
650 _aAntología mínima
_942212
942 _2ddc
_cLIBROS
945 _arcc